| 000 | 02024cam a22002054a 4500 | ||
|---|---|---|---|
| 005 | 20250605164142.0 | ||
| 008 | 250528s ||||||||||||||||||||||||d | ||
| 035 | _a19031 | ||
| 020 | _a9603011304 | ||
| 040 |
_aGR-AtMCL _bgre _dGR-AtMCL _eAACR2 |
||
| 245 | 1 | _aΠτωχευτικό Δίκαιο / Έκδοση Τέταρτη | |
| 250 | _a4η | ||
| 260 |
_bΣάκκουλα, _c1994 |
||
| 300 | _a594 | ||
| 520 | _aΗ Πτώχευση στο Σύστημα του Δικαίου, Κήρυξη της Πτώχευσης, Ουσιαστικές Προϋποθέσεις, Πτωχευτική Ικανότητα, Τπική Προϋπόθεση, Δικαστική Απόφαση, Ουσιαστικό Πτωχευτικό Δίκαιο, Ουσιαστικές Συνέπειες της Πτώχευσης ως προς τον Πτωχό, Συνέπειες της Πτώχευσης ως προς τους Πτωχευτικούς Πιστωτές, Συνέπειες της Πτώχευσης ως Προς το Σύζυγο του Πτωχού, Συνέπειες της Πτώχευσης ως Προς τους Συνυπόχρεους, Αποχωρισμός και Πτωχευτική Δικδήκηση, Επίδραση της Πτώχευσης επί των Εκκρεμών Αμφοτερόβαρων Συμβάσεων, Πτωχευτική Ανάκληση, Διαδικασία της Πτώχευσης, Οργάνωση της Πτώχευσης, Παύση των Εργασιών της Πτώχευσης Ελλείψει Ενεργητικού, Διασφάλιση και Διοίκηση του Ενεργητικού, Διαπίστωση του Παθητικού δια της Εξέλεγξης των Απαιτήσεων, Πτωχευτικός Συμβιβασμός, Ένωση των Πιστωτών,Πτωχευτική Αποκατάσταση, Επίλογος Εξόδου. | ||
| 700 | 1 |
_aΚοτσίρης Λάμπρος _95306 |
|
| 942 | _cBK | ||
| 999 |
_c4316 _d4316 |
||